| 000 | 00749cam a22002292 4500 | ||
|---|---|---|---|
| 001 | 0000023607 | ||
| 005 | 20151217145942.0 | ||
| 008 | 130311s xx 000 0 eng d | ||
| 020 | _a1841138114 : | ||
| 040 |
_aKABU _cKABU |
||
| 100 | 1 |
_aStanley, Paul. _@0000183124 |
|
| 245 | 1 | 4 |
_aThe Law of confidentiality : _ba statement / _cPaul Stanley. |
| 250 | _a1st ed. | ||
| 260 |
_aOxford : _bHart, _c2008. |
||
| 300 | _axxvii, 169 p. | ||
| 650 | 0 |
_aSecrecy _xLaws and legislation _zGreat Britain. _@0000183125 |
|
| 650 | 0 |
_aConfidential communications _zGreat Britain. _@0000183126 |
|
| 650 | 0 |
_aPrivacy, Right of. _zGreat Britain. _@0000183127 |
|
| 852 | 1 | _9p5220 KES | |
| 908 | _a130311 | ||
| 950 | _@1 | ||
| 999 |
_c4395 _d4395 |
||